LEADER 00980nam a2200265 i 4500 001 000000160339 003 CaOOAMICUS 005 20070319000000.0 008 070319s1987 it u000 u ita u 013 $a137702 020 $a88-18-12063-8 040 $aSeMil$bita 100 1 $aRadi, Luciano <1922-2014>.$0(OLS)http://semarc/name/90521 245 13$aIl Taccuino dell'onorevole /$cLuciano Radi. 260 $aMilano :$bRusconi,$c1987. 300 $a153 p. :$bill. ;$c22 cm. 500 $aFondo Card. Giovanni Colombo. 650 4$aDeputati - Biografie.$0(OLS)http://semarc/subject/17384 850 $aSeMil 852 $aSeMil$W1$xVenegono$y1$m1E II 63$j111814$B111814$CSeMilBibl$Z2$F121730 $81 941 1 $a3 961 $aLascito: Colombo Card. Giovanni 996 $6020$a88-18-12063-8$9(OLS)http://semarc/number/76112 996 $6245$aIl Taccuino dell'onorevole$9(OLS)http://semarc/title/142918 996 $6260$aMilano :$bRusconi$9(OLS)http://semarc/publisher/30258 LEADER 01505nam a2200265 i 4500 001 000000013706 003 CaOOAMICUS 005 20251223102201.0 008 180830s19681973gw u000 u ger u 040 $aSeMil$bita 100 1 $aSchelkle, Karl Hermann,$d<1908-1988>.$0(OLS)http://semarc/name/89115 245 10$aTheologie des Neuen Testaments /$cKarl Hermann Schelkle. 260 $aDüsseldorf :$bPatmos,$c1968-1973. 300 $a4 v. ;$c23 cm. 490 1 $aKommentare und Beiträge zum Alten und Neuen Testament 650 4$aBibbia. Nuovo Testamento - Teologia.$0(OLS)http://semarc/subject/2289 774 0 $t1: Schöpfung, Welt, Zeit, Mensch.$kKommentare und Beiträge zum Alten und Neuen Testament$g1$w()230994 774 0 $t2: Gott war in Christus.$kKommentare und Beiträge zum Alten und Neuen Testament$z3-491-00100-5$g2$w()230995 774 0 $t4: Jüngergemeinde und Kirche.$kKommentare und Beiträge zum Alten und Neuen Testament$z3-491-77449-7$g4$w()230997 774 0 $t4: Vollendung von Schöpfung und Erlösung.$kKommentare und Beiträge zum Alten und Neuen Testament$z3-491-77448-9$g4$w()230998 774 0 $t3: Ethos.$kKommentare und Beiträge zum Alten und Neuen Testament$g3$w()230999 830 0$aKommentare und Beiträge zum Alten und Neuen Testament.$0(OLS)http://semarc/title/29634 996 $6245$aTheologie des Neuen Testaments$9(OLS)http://semarc/title/18271 996 $6260$aDüsseldorf :$bPatmos$9(OLS)http://semarc/publisher/30034